000 01287cam a2200373 i 4500
001 18169387
003 JO-AjAnu
005 20240608130159.0
008 140529t20162016caua b 001 0 eng
010 _a 2014942010
020 _a9781285874340 (hbk : student edition)
020 _a128587434X (hbk : student edition)
020 _a9781305254282 (looseleaf edition)
020 _a1305254287 (looseleaf edition)
040 _aDLC
_beng
_cDLC
_erda
_dDLC
_dJO-AjAnu
041 _aeng
_heng
050 0 0 _aQP141
_b.W46 2019
100 1 _aWhitney, Eleanor Noss,
_eauthor.
245 1 0 _aUnderstanding nutrition /
_cEllie Whitney, Sharon Rady Rolfes.
250 _aFourteenth edition.
264 1 _aBelmont, CA :
_bCengage Learning,
_c[2019]
264 4 _c©2019
300 _a1 volume (various pagings) :
_bcolor illustrations ;
_c29 cm
336 _atext
_2rdacontent
337 _aunmediated
_2rdamedia
338 _avolume
_2rdacarrier
504 _aIncludes bibliographical references and index.
650 0 _aNutrition
_vTextbooks.
700 1 _aRolfes, Sharon Rady,
_eauthor.
906 _a7
_bcbc
_corigcop
_d2
_eepcn
_f20
_gy-gencatlg
942 _2lcc
_cBK
_n0
999 _c33505
_d33505